L'Egitto antico nelle collezioni dell'Italia settentrionale : Museo civico, Bologna, 31 Ottobre - 3 Dicembre 1961 /
Corporate Authors: ,
Other Authors:
Format: Book
Language: Italian
Published:
[Bologna, Tamari,
1961].
Edition: 2. ed.
Subjects:
Tags: Add Tag
Call Number: DT59 .B61 1961
| LEADER | 00898nam a2200265Ii 4500 | ||
|---|---|---|---|
| 001 | 10984 | ||
| 003 | OSt | ||
| 005 | 20260510092639.0 | ||
| 008 | 130303s1961 it abf c 000 0 ita d | ||
| 040 | |c ARCE Library | ||
| 043 | |a f-ua--- | ||
| 050 | 4 | |a DT59 .B61 1961 | |
| 110 | 1 | |a Bologna (Italy). |b Museo civico. | |
| 245 | 1 | 3 | |a L'Egitto antico nelle collezioni dell'Italia settentrionale : |b Museo civico, Bologna, 31 Ottobre - 3 Dicembre 1961 / |c Catalogo a cura di Silvio Curto. |n |
| 250 | |a 2. ed. | ||
| 264 | 1 | |a [Bologna, Tamari, |c 1961]. | |
| 300 | |a 175 pages : |b illustrations, maps, 72 plates ; |c 21 cm. | ||
| 500 | |a "Presentazione" signed: Luziano Laurenzi. | ||
| 651 | 0 | |a Egypt |x Art |v Exhibitions. | |
| 651 | 0 | |a Egypt |x Antiquities |v Exhibitions. | |
| 700 | 1 | |a Curto, Silvio. |9 28497 | |
| 710 | 1 | |a Bologna (Italy) |b Museo civico. | |
| 901 | |a reviewed | ||
| 942 | |c BK |2 lcc | ||
| 999 | |c 14798 |d 14798 | ||
